| 000 | 00000nas 2200000za 4500 |
| 001 | 9.806437 |
| 003 | CaOODSP |
| 005 | 20221107135906 |
| 007 | cr ||||||||||| |
| 008 | 151126d19521971oncmr p oss f000#a0eng|d |
| 022 | |y0837-5895 |
| 040 | |aCaOODSP|beng |
| 043 | |an-cn--- |
| 086 | 1 |aCS72-003E-PDF |
| 245 | 00|aMan-hours and hourly earnings with average weekly wages |h[electronic resource] / |cprepared in Employment Section of the Labour and Prices Division, Dominion Bureau of Statistics, ... |
| 246 | 33|aMan-hours and hourly earnings, reported at the first of ... |
| 246 | 14|aMan-hours and hourly earnings |fApr. 1952-Dec. 1953, Jan. 1966-Feb. 1971 |
| 260 | |a[Ottawa] : |bDominion Bureau of Statistics, |c[1952]-1971. |
| 310 | |aMonthly |
| 362 | 0 |aVol. 8, no. 4 (Apr. 1952)-v. 27, no. 2 (Feb. 1971). |
| 500 | |aDigitized edition from print [produced by Statistics Canada]. |
| 580 | |aMerged with: Employment and average weekly wages and salaries, to become: Employment, earnings and hours (1971). |
| 692 | 07|2gccst|aEmployment |
| 710 | 1 |aCanada. |bDominion Bureau of Statistics. |bEmployment Section. |
| 780 | 00|tMan-hours and hourly earnings |w(CaOODSP)9.806416 |
| 785 | 00|tEmployment, earnings and hours |w(CaOODSP)9.805976 |